00658nam a2200217 a 4500001001300000003000900013005001700022008004100039020001000080082001800090245003900108260004000147500003500187505001000222650002100232710002400253902000800277942000700285952013100292999001700423nice12345678IN_TiNIC20260116014617.0050812s2000 mala grp 000 0 eng  ac10000a369.1969bTHI aAIDSb in Search a Social Solution aMalaysiabThird World Networkc2000 aincludes index and biblioraphy2 aindex aAids and Society2 aThird World Network bSRC cBK 001040708StackRoom-aHMIbHMId2009-01-15g100.00l2o369.1969 THIp021442r2023-08-28s2018-08-01v100.00w2005-08-12yBK c16217d16217